Union Library Management V6
เปลี่ยนเป็นภาษาไทย

Change to English
 แสดงรายละเอียดบรรณานุกรม
  กลับหน้าหลัก

Brief Record : Get Marc (ISO 2709) : E-mail record : QR code < ปิดหน้าต่าง
LEADER : 00000nam 2200000uu 4500
001    13399120976
003     ULIB
008    101229s||||||||th 000 0 tha d
020    9786163200761
060 04 WL346^bภ321ค 2556
100 0  ^aภัคจีรา ศุภวิชชา
245 00 คู่มือดูแลผู้ป่วยอัมพฤกษ์อัมพาตและผู้ป่วยที่ต้องการความช่วยเหลือเบื้องต้น /^cภัคจีรา ศุภวิชชา
250    พิมพ์ครั้งที่ 1 (ฉบับปรับปรุง) (ราคา 200 บาท)
260    กรุงเทพฯ :^bต้นธรรม,^c2556
300    ^a256 หน้า :^bภาพประกอบ ;^c21 ซม.
650  7 ^aอัมพาต
650  7 ^aอัมพฤกษ์อัมพาต,โรค
945    ^p200^l0^i067916
945    ^p200^l0^i067917
945    ^p200^l0^i067918
945    ^p200^l0^i067919
945    ^p200^l0^i067920
999    ^aวนิดา
 
รายการนี้ยังไม่มีแท็ก
คุณยังไม่ได้ล็อกอิน คุณสามารถมีกิจกรรมร่วมกับเว็บไซต์ได้ แต่ต้องล็อกอินก่อน ::
  ล็อกอิน
  One Stop Service : ศูนย์ให้บริการแบบเบ็ดเสร็จ   จัดการหนังสือโปรด   แจ้งรายการบรรณานุกรมผิดพลาด
ลำดับที่ ประเภท เลขเรียก/บาร์โค้ด สถานที่ สถานะ
1. หนังสือ
หนังสือ
WL346 ภ321ค 2556 c.1 
  Barcode: 067916
ห้องสมุดฝั่งลำปาง
►หนังสือทั่วไป
บนชั้น
2. หนังสือ
หนังสือ
WL346 ภ321ค 2556 c.2 
  Barcode: 067917
ห้องสมุดฝั่งลำปาง
►หนังสือทั่วไป
บนชั้น
3. หนังสือ
หนังสือ
WL346 ภ321ค 2556 c.3 
  Barcode: 067918
ห้องสมุดฝั่งลำปาง
►หนังสือทั่วไป
บนชั้น
4. หนังสือ
หนังสือ
WL346 ภ321ค 2556 c.4 
  Barcode: 067919
ห้องสมุดฝั่งเขลางค์
►หนังสือทั่วไป
บนชั้น
  ขอยืม
5. หนังสือ
หนังสือ
WL346 ภ321ค 2556 c.5 
  Barcode: 067920
ห้องสมุดฝั่งเขลางค์
►หนังสือทั่วไป
บนชั้น
  ขอยืม

รายการใกล้เคียง
    หัวเรื่อง [อัมพาต]

BibComment


ยังไม่เคยถูกคอมเมนท์

คอมเมนท์ทรัพยากรรายการนี้
  คอมเมนท์: คู่มือดูแลผู้ป่วย..

 
 
 

 Union Library Management : ULibM
Copyright 2026. All Rights Reserved.